51 - Né(es) un 20 février - Statistiques

Statistiques générales
  • Ce quiz a été pris 14 fois
  • Le résultat moyen est 5 sur 13
Statistiques - réponses
Hint Année de naissance Réponse % Correct
Comédien français qui se fit connaître comme membre d'un duo avec Omar Sy. 1974 Frédéric Olivier Testot|Fred Testot
69%
Chanteur français. Fils de Françoise Dolto. 1943 Jean-Chrysostome Dolto|Carlos
69%
Chanteuse née à la Barbade. Première artiste à franchir le cap de 100 millions de ventes numériques aux États-Unis. L'album "Music of the Sun" la fit connaître. 1988 Robyn Rihanna Fenty|Rihanna
69%
Ècrivain français de "La planète des singes" et du "Pont de la rivière Kwaï". 1912 Pierre Boulle
62%
Acteur américain. Premier acteur noir à remporter l'Oscar du meilleur acteur. Vu dans "Devine qui vient dîner..." et "Dans la chaleur de la nuit". 1927 Sidney Poitier
46%
Couturier français qui habilla notamment Audrey Hepburn à l'écran. Il eut Cristóbal Balenciaga comme mentor. 1927 Hubert de Givenchy|Hubert Taffin de Givenchy
38%
Joueur de basket-ball passé par les Suns de Phoenix. Fit partie de la Dream Team en 1992. Reconverti en commentateur sportif. 1963 Charles Barkley
31%
Réalisateur, et scénariste français. Réalisa "La Meilleure Façon de marcher", "Garde à vue", "Mortelle randonnée", "L'Effrontée", "La Petite Voleuse". 1942 Claude Miller|Claude Miler
31%
Premier ministre du Royaume-Uni de 2007 à 2010. 1951 Gordon Brown|James Gordon Brown
31%
Chanteuse et actrice franco-néerlandaise. Fut animatrice de l'émission "Dance Machine" sur M6. 1974 Ophélie Winter|Ophélie Kleerekoper
23%
Réalisateur américain de "MASH", "John McCabe", "Nashville", "Buffalo Bill et les Indiens", "The Player", "Short Cuts", "Le Privé", "The Last Show". 1925 Robert Altman
23%
Mannequin américaine membre des Supermodels des années 90 avec Claudia Schiffer, Naomi Campbell, Linda Evangelista ou Christy Turlington. Vue dans le film "Fair Game". 1966 Cynthia Ann Crawford|Cyndi Crawford
15%
Joueur de rugby français. International de 2002 à 2012. Troisième ligne centre ou Troisième ligne aile. Surnommé "Le basque bondissant". 1980 Imanol Harinordoquy
15%
Aucun quiz correspondant
Distribution des résultats
% des personnes avec chaque résultat
Percentile par nombre de réponses
Votre historique - résultats
Vous n’avez pas pris ce quiz